Návrh adsorpčnej jednotky na sušenie vzduchu

Na minha lista:
Detalhes bibliográficos
Autor principal: Gonda, Peter (Author)
Outros Autores: Markoš, Jozef (Thesis advisor)
Formato: Manuscrito Livro
Idioma:eslovaco
Publicado em: 2021
Assuntos:
Acesso em linha:http://is.stuba.sk/zp/portal_zp.pl?podrobnosti=148808
Tags: Adicionar Tag
Sem tags, seja o primeiro a adicionar uma tag!

MARC

LEADER 00000ntm a22000003a 4500
001 stuzp84788
003 SK-STU
005 20210626211740.5
007 ta
008 150427s2015----xo-----f-mn---000-0-slo-d
040 |a STU  |b slo 
041 0 |a slo 
100 1 |a Gonda, Peter  |u 046230  |4 aut  |U FCHPT Ústav chemického a environmentálneho inžinierstva  |T FCHPT Oddelenie chemického a biochemického inžinierstva  |X 97289  |U C6230  |Y 119  |7 97289 
242 0 1 |a Design of adsorption unit for air drying  |y eng 
245 1 0 |a Návrh adsorpčnej jednotky na sušenie vzduchu 
260 |c 2021 
650 4 |a sušenie vzduchu  |2 slo 
650 4 |a adsorpcia  |2 slo 
650 4 |a Potasit  |2 slo 
650 4 |a adsorption  |2 eng 
650 4 |a Potasit  |2 eng 
650 4 |a air drying  |2 eng 
700 1 |a Markoš, Jozef  |u 046230  |k Z1  |4 ths  |U FCHPT Ústav chemického a environmentálneho inžinierstva  |T FCHPT Oddelenie chemického a biochemického inžinierstva  |X 3883  |U C6230  |Y 119  |7 A000003883 
856 4 |u http://is.stuba.sk/zp/portal_zp.pl?podrobnosti=148808